000 00334nam a22001457a 4500
008 230622b ||||| |||| 00| 0 eng d
020 _a9781305251809
041 _aeng
080 _2NINTH EDITION
_a311
082 _a311DEV
100 _a23
101 _aSTA
245 _aPROBABILITY AND STATISTICS
_cDEVORE.L.J
942 _2udc
_cBK
999 _c60024
_d60024